000 00302nam a2200097Ia 4500
008 220120s9999||||xx |||||||||||||| ||und||
100 _aAntony Deepak and Ranjan Kumar
_912369
245 0 _aAccess blue mobile GADGET
260 _aCoorg Institute of Technology
_bPonnampet
_c2012
650 _aCOMPUTER SCIENCE
999 _c137956
_d137956